[Event "EU-ch (Women) 14th"]
[Site "Belgrade"]
[Date "2013.07.27"]
[Round "5"]
[White "Ovod, Evgenija"]
[Black "Shulakova, Svetlana"]
[Result "1/2-1/2"]
[WhiteElo "2386"]
[BlackElo "2194"]
[PlyCount "120"]
[EventDate "2013.07.23"]
[EventType "swiss"]
[EventRounds "11"]
[EventCountry "SRB"]
[SourceTitle "CBM 155 Extra"]
[Source "ChessBase"]
[SourceDate "2013.08.26"]
[SourceVersion "1"]
[SourceVersionDate "2013.08.26"]
[SourceQuality "1"]

1. d4 d5 2. c4 c6 3. Nf3 Nf6 4. e3 e6 5. b3 Nbd7 6. Bb2 Bd6 7. Bd3 Qe7 8. Ne5 Bb4+ 9. Nd2 Ne4 10. Bxe4 dxe4 11. 0-0 Bxd2 12. Qxd2 f6 13. Nxd7 Bxd7 14. Qc2 f5 15. f3 exf3 16. Rxf3 0-0 17. Raf1 Rad8 18. Qc3 b6 19. b4 Bc8 20. a4 Bb7 21. Rg3 Rf7 22. Rf4 Rd7 23. h4 Rf6 24. d5 Rg6 25. Rxg6 hxg6 26. dxe6 Qxe6 27. c5 Kh7 28. Rd4 bxc5 29. Rxd7 Qxd7 30. Qxc5 a6 31. Bd4 Bc8 32. Qe5 Bb7 33. Kf2 Bc8 34. Kf3 Bb7 35. a5 Bc8 36. Kf4 Bb7 37. h5 Bc8 38. hxg6+ Kxg6 39. Bc5 Qe6 40. Bf8 Qxe5+ 41. Kxe5 Kf7 42. Bc5 Be6 43. Kd6 Bc4 44. Kxc6 Ke6 45. Bd4 g5 46. Kc5 Bf1 47. g3 Bb5 48. Bg7 g4 49. Kd4 Bc6 50. Be5 Bb5 51. e4 fxe4 52. Kxe4 Bc4 53. Bc3 Kf7 54. Kf5 Be2 55. b5 Bxb5 56. Kxg4 Kg6 57. Kf4 Bc4 58. g4 Bd3 59. g5 Bb5 60. Bf6 Bc4 1/2-1/2

[Event "EU-ch (Women) 14th"]
[Site "Belgrade"]
[Date "2013.07.24"]
[Round "2"]
[White "Shulakova, Svetlana"]
[Black "Oliveira, Maria Ines"]
[Result "1/2-1/2"]
[WhiteElo "2194"]
[BlackElo "1978"]
[PlyCount "82"]
[EventDate "2013.07.23"]
[EventType "swiss"]
[EventRounds "11"]
[EventCountry "SRB"]
[SourceTitle "CBM 155 Extra"]
[Source "ChessBase"]
[SourceDate "2013.08.26"]
[SourceVersion "1"]
[SourceVersionDate "2013.08.26"]
[SourceQuality "1"]

1. d4 Nf6 2. c4 e6 3. Nc3 Bb4 4. Qc2 Nc6 5. Nf3 d6 6. Bd2 0-0 7. a3 Bxc3 8. Bxc3 Re8 9. Rd1 Qe7 10. e3 e5 11. dxe5 dxe5 12. b4 e4 13. Nd4 Ne5 14. Be2 Bg4 15. 0-0 Bxe2 16. Qxe2 Rad8 17. Kh1 c5 18. Nb3 cxb4 19. axb4 Qc7 20. Bxe5 Qxe5 21. Rd4 Rxd4 22. Nxd4 a5 23. bxa5 Qxa5 24. Rb1 Nd7 25. h3 Nc5 26. Rb5 Qc7 27. Qa2 Nd3 28. Kg1 g6 29. Qb1 Qxc4 30. Rxb7 Rc8 31. Rb8 Kg7 32. Rxc8 Qxc8 33. Qa1 Qc1+ 34. Qxc1 Nxc1 35. Kf1 f5 36. Ke1 Nd3+ 37. Ke2 Ne5 38. h4 Kf6 39. Kd2 h6 40. Ke2 g5 41. hxg5+ hxg5 1/2-1/2

[Event "EU-ch (Women) 14th"]
[Site "Belgrade"]
[Date "2013.07.23"]
[Round "1"]
[White "Mkrtchian, Lilit"]
[Black "Shulakova, Svetlana"]
[Result "1-0"]
[WhiteElo "2454"]
[BlackElo "2194"]
[PlyCount "93"]
[EventDate "2013.07.23"]
[EventType "swiss"]
[EventRounds "11"]
[EventCountry "SRB"]
[SourceTitle "CBM 155 Extra"]
[Source "ChessBase"]
[SourceDate "2013.08.26"]
[SourceVersion "1"]
[SourceVersionDate "2013.08.26"]
[SourceQuality "1"]

1. d4 d5 2. c4 c6 3. Nf3 Nf6 4. e3 e6 5. b3 Nbd7 6. Bb2 b6 7. Bd3 Bb7 8. 0-0 Be7 9. Nc3 0-0 10. Qc2 h6 11. Rad1 Rc8 12. Qe2 Qc7 13. Ne5 c5 14. f4 Rcd8 15. f5 Ne4 16. Nxd7 Nxc3 17. Bxc3 Qxd7 18. f6 Bxf6 19. Rxf6 gxf6 20. Qg4+ Kh8 21. Qh4 Kg7 22. Qg4+ Kh8 23. Qh4 Kg7 24. dxc5 e5 25. Rf1 Qe6 26. Qg3+ Kh8 27. Rxf6 Qxf6 28. Bxe5 Qxe5 29. Qxe5+ Kg8 30. Qg3+ Kh8 31. Qh4 Kg7 32. Qg4+ Kf6 33. Qf5+ Kg7 34. Qh7+ Kf6 35. Qxh6+ Ke7 36. c6 Bc8 37. Qh4+ f6 38. Bg6 dxc4 39. Qxc4 Be6 40. Qe4 Rd6 41. Bf5 Rh8 42. b4 b5 43. Bxe6 Rxe6 44. Qd5 Rd6 45. Qxb5 Rc8 46. Qb7+ Kd8 47. b5 1-0

[Event "Moscow op-B"]
[Site "Moscow"]
[Date "2013.02.08"]
[Round "7"]
[White "Tarasova, Viktoriya"]
[Black "Shulakova, Svetlana"]
[Result "1-0"]
[WhiteElo "2273"]
[BlackElo "2181"]
[PlyCount "65"]
[EventDate "2013.02.02"]
[EventType "swiss"]
[EventRounds "9"]
[EventCountry "RUS"]
[SourceTitle "CBM 152 Extra"]
[Source "ChessBase"]
[SourceDate "2013.02.25"]
[SourceVersion "1"]
[SourceVersionDate "2013.02.25"]
[SourceQuality "1"]

1. d4 d5 2. c4 c6 3. Nf3 Nf6 4. Nc3 dxc4 5. a4 Bf5 6. Ne5 Nbd7 7. Nxc4 Qc7 8. g3 e5 9. dxe5 Nxe5 10. Bf4 Rd8 11. Qc1 Bd6 12. Nxd6+ Qxd6 13. Bg2 0-0 14. 0-0 Qe7 15. a5 a6 16. h3 Rfe8 17. Ra4 Rd7 18. Qe3 Bc2 19. Rd4 Rxd4 20. Qxd4 Ng6 21. Be3 Rd8 22. Qb6 Ne5 23. Bc5 Qd7 24. Rc1 Bf5 25. g4 Be6 26. Rd1 Nd5 27. Nxd5 cxd5 28. e4 Rc8 29. Qb4 Qc6 30. Be3 dxe4 31. Bxe4 Qc7 32. Qxb7 Qxa5 33. b4 1-0

[Event "Nizhnij Novgorod op"]
[Site "Nizhnij Novgorod"]
[Date "2012.10.14"]
[Round "4"]
[White "Shulakova, Svetlana"]
[Black "Volkov, Dmitry V"]
[Result "1-0"]
[WhiteElo "2161"]
[BlackElo "2162"]
[PlyCount "77"]
[EventDate "2012.10.06"]
[EventType "swiss"]
[EventRounds "9"]
[EventCountry "RUS"]
[SourceTitle "EXT 2013"]
[Source "ChessBase"]
[SourceDate "2012.11.22"]
[SourceVersion "1"]
[SourceVersionDate "2012.11.22"]
[SourceQuality "1"]

1. d4 Nf6 2. c4 e6 3. Nc3 Bb4 4. Qc2 c5 5. dxc5 0-0 6. a3 Bxc5 7. Nf3 Nc6 8. Bg5 Nd4 9. Nxd4 Bxd4 10. e3 Qa5 11. exd4 Qxg5 12. Qd2 Qxd2+ 13. Kxd2 b6 14. Bd3 Bb7 15. f3 Ne8 16. b4 Rc8 17. Rhc1 Ba6 18. Ne2 d6 19. a4 Nf6 20. a5 Bb7 21. axb6 axb6 22. Ra7 Rb8 23. Nc3 e5 24. Nb5 Rfd8 25. Re1 d5 26. Rxe5 dxc4 27. Bxc4 Bd5 28. Bd3 Bc6 29. Ree7 Bxb5 30. Bxb5 Rxd4+ 31. Kc3 Rf4 32. Bc4 Rc8 33. Rec7 Rf8 34. Kb3 Ne8 35. Rd7 Rf6 36. Ra8 Rf5 37. Rdd8 Re5 38. Bb5 Re3+ 39. Kc2 1-0

[Event "St Petersburg Botvinnik Memorial op"]
[Site "St Petersburg"]
[Date "2012.09.02"]
[Round "9"]
[White "Krivenko, Sergey"]
[Black "Shulakova, Svetlana"]
[Result "1/2-1/2"]
[WhiteElo "2347"]
[BlackElo "2123"]
[PlyCount "114"]
[EventDate "2012.08.25"]
[EventType "swiss"]
[EventRounds "9"]
[EventCountry "RUS"]
[SourceTitle "CBM 150 Extra"]
[Source "ChessBase"]
[SourceDate "2012.10.19"]
[SourceVersion "1"]
[SourceVersionDate "2012.10.19"]
[SourceQuality "1"]

1. d4 d5 2. c4 c6 3. Nf3 Nf6 4. e3 e6 5. b3 Nbd7 6. Bb2 Bd6 7. Bd3 0-0 8. Nbd2 Qe7 9. Ne5 Ba3 10. Bxa3 Qxa3 11. 0-0 a5 12. Qc2 Qe7 13. f4 h6 14. Rae1 a4 15. Qd1 axb3 16. axb3 c5 17. Rf2 b6 18. g4 Bb7 19. h4 Nxe5 20. dxe5 Ne4 21. Bxe4 dxe4 22. g5 g6 23. gxh6 Qxh4 24. Nf1 Rfd8 25. Qe2 Kh7 26. Nh2 Kxh6 27. Nf1 Kg7 28. Rh2 Qe7 29. Qg4 Rh8 30. Ree2 Rxh2 31. Rxh2 Rh8 32. Rxh8 Kxh8 33. Qg5 Qxg5+ 34. fxg5 Kg7 35. Nd2 Bc6 36. Kf2 Kf8 37. Ke1 Ke7 38. Kd1 Kd7 39. Kc2 Kc7 40. Kc3 Kb7 41. b4 Kc7 42. Nb3 cxb4+ 43. Kxb4 Kd7 44. Nd4 Kc7 45. Nc2 Kd7 46. Na3 Kc7 47. Kc3 Ba4 48. Nb1 Bc6 49. Kd4 Kb7 50. Nc3 Ka6 51. Nd1 Ka5 52. Nf2 b5 53. Kc5 bxc4 54. Kxc4 Kb6 55. Ng4 Kc7 56. Kc5 Ba4 57. Kb4 Be8 1/2-1/2

[Event "St Petersburg Botvinnik Memorial op"]
[Site "St Petersburg"]
[Date "2012.09.01"]
[Round "8"]
[White "Shulakova, Svetlana"]
[Black "Ganichev, Alexander"]
[Result "1-0"]
[WhiteElo "2123"]
[BlackElo "2227"]
[PlyCount "103"]
[EventDate "2012.08.25"]
[EventType "swiss"]
[EventRounds "9"]
[EventCountry "RUS"]
[SourceTitle "CBM 150 Extra"]
[Source "ChessBase"]
[SourceDate "2012.10.19"]
[SourceVersion "1"]
[SourceVersionDate "2012.10.19"]
[SourceQuality "1"]

1. d4 d5 2. c4 e6 3. Nc3 c5 4. cxd5 cxd4 5. Qa4+ Bd7 6. Qxd4 exd5 7. Qxd5 Nc6 8. Bg5 Nf6 9. Qd2 h6 10. Bxf6 Qxf6 11. Nd5 Qd8 12. e4 Be6 13. Ne2 Bb4 14. Nxb4 Qxd2+ 15. Kxd2 Nxb4 16. Nd4 0-0-0 17. Ke3 Rxd4 18. Kxd4 Nc2+ 19. Kc3 Nxa1 20. Bd3 Nb3 21. axb3 Kb8 22. Bc4 Rc8 23. Kb4 Rd8 24. Bxe6 fxe6 25. Kc3 Rc8+ 26. Kd3 Rc6 27. Rd1 a5 28. Rd2 Ka7 29. e5 Rc1 30. f4 Re1 31. g4 g6 32. Re2 Rf1 33. Ke3 b5 34. Rf2 Re1+ 35. Kd4 Kb6 36. f5 gxf5 37. gxf5 Rd1+ 38. Ke4 Re1+ 39. Kf4 exf5 40. Kxf5 Kc5 41. Rd2 Rf1+ 42. Kg6 Re1 43. Kf6 Rf1+ 44. Ke7 a4 45. bxa4 bxa4 46. e6 Kc6 47. Ke8 Rf3 48. e7 a3 49. bxa3 Rxa3 50. Rf2 Ra8+ 51. Kf7 Ra7 52. Kf8 1-0

[Event "St Petersburg Botvinnik Memorial op"]
[Site "St Petersburg"]
[Date "2012.08.25"]
[Round "1"]
[White "Shulakova, Svetlana"]
[Black "Goganov, Aleksey"]
[Result "1/2-1/2"]
[WhiteElo "2123"]
[BlackElo "2525"]
[PlyCount "136"]
[EventDate "2012.08.25"]
[EventType "swiss"]
[EventRounds "9"]
[EventCountry "RUS"]
[SourceTitle "CBM 150 Extra"]
[Source "ChessBase"]
[SourceDate "2012.10.19"]
[SourceVersion "1"]
[SourceVersionDate "2012.10.19"]
[SourceQuality "1"]

1. d4 Nf6 2. c4 e6 3. Nc3 Bb4 4. Qc2 0-0 5. a3 Bxc3+ 6. Qxc3 d6 7. Bg5 Nbd7 8. Nf3 b6 9. e3 Bb7 10. Be2 Rc8 11. b4 Ne4 12. Bxd8 Nxc3 13. Bh4 Nxe2 14. Kxe2 f6 15. Rhd1 e5 16. d5 b5 17. cxb5 Nb6 18. e4 f5 19. Ng5 fxe4 20. Ne6 Rfe8 21. Rac1 Nxd5 22. Rxd5 Bxd5 23. Nxc7 Bb3 24. Bg5 Rf8 25. Be7 d5 26. Bxf8 Rxf8 27. Rc5 d4 28. Nd5 d3+ 29. Ke3 Rd8 30. Rc8 Rxc8 31. Ne7+ Kf7 32. Nxc8 Ke6 33. Nxa7 Kd6 34. b6 Ba4 35. b5 Kd7 36. h4 h6 37. Kd2 Kd8 38. Kc3 Kd7 39. Kd2 Kd8 40. Ke3 Kd7 41. f3 exf3 42. gxf3 Bc2 43. Nc6 Kc8 44. Nxe5 Kb7 45. Nc4 g5 46. hxg5 hxg5 47. Kd2 Ba4 48. Kxd3 Bxb5 49. Kd4 Kc6 50. Ne5+ Kxb6 51. Nf7 Ka5 52. Kc3 Ka4 53. Kb2 Bd7 54. Nxg5 Kb5 55. f4 Kc4 56. Nf3 Kd5 57. Nh4 Ke4 58. Ng6 Bf5 59. Ne7 Kxf4 60. Kc3 Ke5 61. Kc4 Bc2 62. Nc6+ Kd6 63. Nd4 Bd1 64. Nb5+ Kc6 65. Nc3 Bc2 66. Ne2 Kb7 67. Nd4 Bd1 68. Nb3 Bxb3+ 1/2-1/2

[Event "Moscow op (Women)"]
[Site "Moscow"]
[Date "2012.01.28"]
[Round "1"]
[White "Shulakova, Svetlana"]
[Black "Edilsultanova, Zalina"]
[Result "1-0"]
[WhiteElo "2099"]
[BlackElo "1673"]
[PlyCount "83"]
[EventDate "2012.01.28"]
[EventType "swiss"]
[EventRounds "9"]
[EventCountry "RUS"]
[SourceTitle "CBM 146 Extra"]
[Source "ChessBase"]
[SourceDate "2012.02.29"]
[SourceVersion "1"]
[SourceVersionDate "2012.02.29"]
[SourceQuality "1"]

1. d4 Nf6 2. c4 c5 3. d5 b5 4. cxb5 a6 5. f3 g6 6. e4 d6 7. Na3 Bg7 8. Ne2 0-0 9. Nc3 Nbd7 10. Be2 axb5 11. Naxb5 Ba6 12. 0-0 Qb6 13. Be3 Rfb8 14. a4 Ne8 15. Qc2 Nc7 16. Rfb1 Nxb5 17. Nxb5 Qd8 18. Bd2 Nb6 19. Bc3 Qd7 20. Bxg7 Kxg7 21. b3 Rb7 22. f4 Nc8 23. b4 cxb4 24. Rxb4 Na7 25. Rab1 Rab8 26. h3 Kg8 27. Qb2 Qd8 28. Kh2 Qa5 29. f5 Rb6 30. f6 exf6 31. Qxf6 R8b7 32. Qd8+ Kg7 33. Nxa7 Qxb4 34. Rxb4 Rxb4 35. Bxa6 Rxa7 36. Bb5 Rxe4 37. Qxd6 Rae7 38. a5 Re1 39. a6 R7e3 40. a7 Ra1 41. Ba6 Ree1 42. a8Q 1-0

[Event "St Petersburg Rudenko Memorial (Women)"]
[Site "St Petersburg"]
[Date "2011.08.26"]
[Round "4"]
[White "Shulakova, Svetlana"]
[Black "Grebennikova, Tatyana"]
[Result "1-0"]
[WhiteElo "2177"]
[BlackElo "2009"]
[PlyCount "107"]
[EventDate "2011.08.23"]
[EventType "swiss"]
[EventRounds "9"]
[EventCountry "RUS"]
[SourceTitle "CBM 144 Extra"]
[Source "ChessBase"]
[SourceDate "2011.10.28"]
[SourceVersion "1"]
[SourceVersionDate "2011.10.28"]
[SourceQuality "1"]

1. d4 d6 2. c4 e5 3. dxe5 dxe5 4. Qxd8+ Kxd8 5. Nf3 f6 6. e4 c6 7. Be3 Na6 8. Nc3 Be6 9. 0-0-0+ Kc7 10. Be2 Nh6 11. h3 Nf7 12. a3 Nc5 13. b4 Nd7 14. Kb2 a5 15. c5 Be7 16. Nd5+ cxd5 17. exd5 Bf5 18. g4 Be4 19. d6+ Nxd6 20. cxd6+ Bxd6 21. Rd2 axb4 22. Rhd1 bxa3+ 23. Ka1 Nc5 24. Rxd6 Nb3+ 25. Ka2 Nd4 26. Bxd4 Kxd6 27. Bxe5+ Ke6 28. Bc4+ Ke7 29. Bd6+ Kd7 30. Bxa3+ Kc7 31. Nd4 Ra5 32. f3 Bc6 33. Ne6+ Kc8 34. Nxg7 Bxf3 35. Rf1 Be4 36. Rxf6 Rd8 37. Kb3 Bd5 38. Bb4 Bxc4+ 39. Kxc4 Ra1 40. Rf3 Rad1 41. Ne6 Re8 42. Nd4 Re4 43. Bc5 b5+ 44. Kd5 Re8 45. Kc6 Ra1 46. Nxb5 Ra6+ 47. Kd5 Rd8+ 48. Nd6+ Kc7 49. g5 Rdxd6+ 50. Bxd6+ Rxd6+ 51. Ke5 Rg6 52. h4 Kd8 53. Rf7 Ke8 54. Rxh7 1-0

[Event "Moscow op-F (Women)"]
[Site "Moscow"]
[Date "2011.02.06"]
[Round "9"]
[White "Shulakova, Svetlana"]
[Black "Daulyte Cornette, Deimante"]
[Result "0-1"]
[WhiteElo "2180"]
[BlackElo "2293"]
[PlyCount "78"]
[EventDate "2011.01.29"]
[EventType "swiss"]
[EventRounds "9"]
[EventCountry "RUS"]
[SourceTitle "CBM 140 Extra"]
[Source "ChessBase"]
[SourceDate "2011.03.01"]
[SourceVersion "1"]
[SourceVersionDate "2011.03.01"]
[SourceQuality "1"]

1. d4 Nf6 2. c4 g6 3. Nc3 Bg7 4. e4 d6 5. Be2 0-0 6. Bg5 Na6 7. h4 e5 8. d5 h6 9. Be3 Nc5 10. Bf3 a5 11. g4 Nfd7 12. Qd2 Kh7 13. g5 h5 14. 0-0-0 Nb6 15. Qe2 Bd7 16. Bxh5 gxh5 17. Qxh5+ Kg8 18. Nge2 Nxc4 19. Rhg1 Nxe3 20. fxe3 Na4 21. g6 fxg6 22. Rxg6 Rf7 23. Nxa4 Bxa4 24. Rdg1 Be8 25. Qg4 Qd7 26. Qg2 Kf8 27. Ng3 Rf6 28. Rxf6+ Bxf6 29. Rf1 Ke7 30. Qf2 Bg7 31. Nf5+ Kd8 32. Rg1 Bf6 33. Nh6 Be7 34. Rg7 Qh3 35. Nf5 Bf6 36. Rg1 Kd7 37. Nxd6 cxd6 38. Rg3 Qxh4 39. Qf5+ Kd8 0-1

[Event "Moscow op-F (Women)"]
[Site "Moscow"]
[Date "2011.02.01"]
[Round "4"]
[White "Shulakova, Svetlana"]
[Black "Kharmunova, Nadezhda"]
[Result "1/2-1/2"]
[WhiteElo "2180"]
[BlackElo "2118"]
[PlyCount "91"]
[EventDate "2011.01.29"]
[EventType "swiss"]
[EventRounds "9"]
[EventCountry "RUS"]
[SourceTitle "CBM 140 Extra"]
[Source "ChessBase"]
[SourceDate "2011.03.01"]
[SourceVersion "1"]
[SourceVersionDate "2011.03.01"]
[SourceQuality "1"]

1. d4 f5 2. c4 Nf6 3. g3 g6 4. Bg2 Bg7 5. Nf3 0-0 6. 0-0 d6 7. Nc3 c6 8. Qd3 Nh5 9. h3 a5 10. Re1 Na6 11. e4 Nb4 12. Qe2 fxe4 13. Nxe4 Nf6 14. a3 Nxe4 15. axb4 d5 16. Be3 Qb6 17. Nd2 Qxb4 18. Nxe4 dxe4 19. Qc2 Be6 20. b3 a4 21. bxa4 Qxc4 22. Qxe4 Bd5 23. Qxe7 Bxg2 24. Kxg2 Qd5+ 25. Kg1 c5 26. Rab1 cxd4 27. Rxb7 Rf7 28. Qxf7+ Qxf7 29. Rxf7 Kxf7 30. Bg5 h6 31. Bf4 Rxa4 32. Be5 Bxe5 33. Rxe5 Kf6 34. f4 Ra2 35. Rd5 Rd2 36. g4 Ke6 37. Rd8 g5 38. Re8+ Kd5 39. f5 d3 40. f6 Rd1+ 41. Kg2 d2 42. f7 Rg1+ 43. Kh2 Rh1+ 44. Kg2 Rg1+ 45. Kh2 Rh1+ 46. Kg2 1/2-1/2

[Event "Nizhnij Novgorod-ch HL"]
[Site "Nizhnij Novgorod"]
[Date "2009.11.14"]
[Round "?"]
[White "Gorozhanin, Mikhail"]
[Black "Shulakova, Svetlana"]
[Result "1-0"]
[WhiteElo "1899"]
[BlackElo "2170"]
[PlyCount "89"]
[EventDate "2009.11.14"]
[EventType "swiss"]
[EventRounds "9"]
[EventCountry "RUS"]
[SourceTitle "EXT 2022"]
[Source "ChessBase"]
[SourceDate "2021.10.06"]
[SourceVersion "1"]
[SourceVersionDate "2021.10.06"]
[SourceQuality "1"]

1. d4 d5 2. c4 c6 3. Nc3 Nf6 4. e3 e6 5. Nf3 Nbd7 6. Qc2 Bd6 7. Bd3 dxc4 8. Bxc4 0-0 9. 0-0 e5 10. Rd1 Qc7 11. h3 exd4 12. Nxd4 Ne5 13. Be2 Re8 14. e4 Ng6 15. Be3 Bf4 16. Bd2 Bd7 17. Rac1 Qe5 18. Nf3 Qe7 19. Bxf4 Nxf4 20. Bf1 Rad8 21. e5 N6d5 22. Nxd5 Nxd5 23. a3 g6 24. Bc4 Bf5 25. Qe2 Nb6 26. Bb3 Be6 27. Bxe6 Qxe6 28. Qe3 Kg7 29. Re1 f6 30. exf6+ Qxf6 31. Qxe8 Rxe8 32. Rxe8 Nd5 33. Rc2 Nf4 34. Re3 Nd5 35. Rb3 Qe7 36. g3 Qe4 37. Rxb7+ Ne7 38. Rd2 Qxf3 39. Rxe7+ Kf6 40. Rxa7 Qe4 41. Rad7 h5 42. h4 Qe1+ 43. Kh2 Qe4 44. R2d6+ Kf5 45. Rf7+ 1-0

[Event "St Petersburg Rudenko Memorial (Women)"]
[Site "St Petersburg"]
[Date "2009.08.30"]
[Round "5"]
[White "Karavaeva, Nadezhda"]
[Black "Shulakova, Svetlana"]
[Result "1/2-1/2"]
[WhiteElo "1958"]
[BlackElo "2151"]
[PlyCount "98"]
[EventDate "2009.08.24"]
[EventType "swiss"]
[EventRounds "9"]
[EventCountry "RUS"]
[SourceTitle "CBM 132 Extra"]
[Source "ChessBase"]
[SourceDate "2009.11.03"]
[SourceVersion "1"]
[SourceVersionDate "2009.11.03"]
[SourceQuality "1"]

1. e4 c5 2. Nf3 e6 3. d4 cxd4 4. Nxd4 Nf6 5. Nc3 d6 6. Be2 Be7 7. 0-0 Nc6 8. Be3 0-0 9. Kh1 e5 10. Nb3 Be6 11. f3 d5 12. exd5 Nxd5 13. Nxd5 Bxd5 14. c4 Be6 15. Nc5 Bxc5 16. Bxc5 Qxd1 17. Rfxd1 Rfd8 18. b3 f6 19. Kg1 Bf5 20. Rac1 Kf7 21. Kf2 Rac8 22. Rxd8 Rxd8 23. Rd1 Rxd1 24. Bxd1 Ke6 25. a3 b6 26. Be3 Bd3 27. c5 b5 28. b4 Bc4 29. Bc2 f5 30. Ke1 a5 31. Bd2 axb4 32. axb4 g6 33. Bc3 Kd5 34. Kf2 Nd4 35. Bd1 Nc6 36. Ke3 Bf1 37. Bb3+ Bc4 38. Bd1 Ba2 39. Kd2 Bc4 40. Bc2 Ke6 41. Ke3 Ne7 42. Bd2 Nd5+ 43. Kf2 Nf6 44. h4 Kd5 45. Bc3 Ne8 46. g4 Ke6 47. Kg3 Nc7 48. h5 Nd5 49. Bd2 Kf6 1/2-1/2

[Event "St Petersburg Rudenko Memorial (Women)"]
[Site "St Petersburg"]
[Date "2009.08.28"]
[Round "3"]
[White "Shumiakina, Tatiana"]
[Black "Shulakova, Svetlana"]
[Result "1-0"]
[WhiteElo "2334"]
[BlackElo "2151"]
[PlyCount "91"]
[EventDate "2009.08.24"]
[EventType "swiss"]
[EventRounds "9"]
[EventCountry "RUS"]
[SourceTitle "CBM 132 Extra"]
[Source "ChessBase"]
[SourceDate "2009.11.03"]
[SourceVersion "1"]
[SourceVersionDate "2009.11.03"]
[SourceQuality "1"]

1. d4 d5 2. c4 c6 3. Nf3 Nf6 4. e3 e6 5. Bd3 dxc4 6. Bxc4 c5 7. 0-0 Nc6 8. Nc3 cxd4 9. exd4 Be7 10. Bg5 0-0 11. a3 a6 12. Ba2 h6 13. Bf4 b5 14. d5 exd5 15. Nxd5 Bb7 16. Bc7 Qc8 17. Nxe7+ Nxe7 18. Rc1 Qf5 19. Bb1 Qd5 20. Qxd5 Nexd5 21. Be5 Rfe8 22. Rfe1 Rac8 23. Rxc8 Rxc8 24. h3 Re8 25. Bg3 Rxe1+ 26. Nxe1 Nb6 27. b3 Bd5 28. Bc2 Ne4 29. Bc7 Nd7 30. b4 Nc3 31. f3 Ba2 32. Kf2 Bb1 33. Bb3 Ba2 34. Bxa2 Nxa2 35. Ke3 Nc3 36. Kd4 Na4 37. Kd5 Ndb6+ 38. Bxb6 Nxb6+ 39. Kc6 Nc4 40. Nc2 Kf8 41. Kb7 a5 42. bxa5 Nxa5+ 43. Kb6 Nb3 44. Kxb5 Ke7 45. a4 Kd7 46. Kb6 1-0

[Event "St Petersburg Rudenko Memorial (Women)"]
[Site "St Petersburg"]
[Date "2009.08.27"]
[Round "2"]
[White "Shulakova, Svetlana"]
[Black "Bodnaruk, Anastasia"]
[Result "1-0"]
[WhiteElo "2151"]
[BlackElo "2388"]
[PlyCount "65"]
[EventDate "2009.08.24"]
[EventType "swiss"]
[EventRounds "9"]
[EventCountry "RUS"]
[SourceTitle "CBM 132 Extra"]
[Source "ChessBase"]
[SourceDate "2009.11.03"]
[SourceVersion "1"]
[SourceVersionDate "2009.11.03"]
[SourceQuality "1"]

1. d4 Nf6 2. c4 g6 3. Nc3 Bg7 4. e4 d6 5. Be2 0-0 6. Bg5 h6 7. Be3 Nbd7 8. Qc2 c6 9. h4 e5 10. d5 Nc5 11. h5 g5 12. f3 a5 13. g4 Bd7 14. Nh3 cxd5 15. cxd5 a4 16. Qd2 Qe8 17. Rc1 b5 18. Nf2 Qb8 19. Nd3 Rc8 20. Nb4 Ne8 21. Kf2 Bf6 22. Rc2 Bd8 23. Nc6 Bxc6 24. dxc6 Ba5 25. Bxg5 b4 26. Bxh6 bxc3 27. Qg5+ Kh8 28. Qe7 Qc7 29. Qf8+ Kh7 30. g5 Nxe4+ 31. fxe4 Qb6+ 32. Kf1 Rc7 33. g6+ 1-0

[Event "RUS-ch (Women) 1st League 59th"]
[Site "Smolensk"]
[Date "2009.03.03"]
[Round "6"]
[White "Batrak, Alexandra"]
[Black "Shulakova, Svetlana"]
[Result "1/2-1/2"]
[WhiteElo "1972"]
[BlackElo "2146"]
[PlyCount "79"]
[EventDate "2009.02.26"]
[EventType "team-tourn"]
[EventRounds "9"]
[EventCountry "RUS"]
[SourceTitle "CBM 129 Extra"]
[Source "ChessBase"]
[SourceDate "2009.05.05"]
[SourceVersion "2"]
[SourceVersionDate "2009.05.20"]
[SourceQuality "1"]

1. Nf3 d5 2. g3 c6 3. Bg2 Bg4 4. 0-0 Nd7 5. h3 Bh5 6. d4 Ngf6 7. Nbd2 e6 8. c4 Bd6 9. Qb3 Rb8 10. Re1 0-0 11. e4 dxe4 12. Nxe4 Nxe4 13. Rxe4 Bg6 14. Re1 c5 15. Be3 cxd4 16. Bxd4 Qa5 17. Rad1 Bb4 18. Re2 Rfd8 19. a3 Bc5 20. Qc3 Qxc3 21. Bxc3 Nb6 22. Rxd8+ Rxd8 23. b4 Be7 24. c5 Nc4 25. Ne5 Nxe5 26. Bxe5 b6 27. c6 f6 28. c7 Re8 29. Bb7 fxe5 30. c8Q Rxc8 31. Bxc8 a5 32. bxa5 bxa5 33. a4 Bd6 34. Bxe6+ Kf8 35. Bd7 Ke7 36. Bb5 Kf6 37. Kg2 Bf7 38. Bc6 Be6 39. h4 h6 40. Kf3 1/2-1/2

[Event "RUS-ch (Women) 1st League 59th"]
[Site "Smolensk"]
[Date "2009.03.02"]
[Round "5"]
[White "Shulakova, Svetlana"]
[Black "Baraeva, Irina"]
[Result "1-0"]
[WhiteElo "2146"]
[BlackElo "1997"]
[PlyCount "97"]
[EventDate "2009.02.26"]
[EventType "team-tourn"]
[EventRounds "9"]
[EventCountry "RUS"]
[SourceTitle "CBM 129 Extra"]
[Source "ChessBase"]
[SourceDate "2009.05.05"]
[SourceVersion "2"]
[SourceVersionDate "2009.05.20"]
[SourceQuality "1"]

1. d4 d5 2. c4 c6 3. cxd5 cxd5 4. Bf4 Nc6 5. Nc3 Nf6 6. e3 a6 7. Bd3 e6 8. Nf3 Bd6 9. Bg5 0-0 10. Rc1 h6 11. Bh4 Na5 12. a4 Be7 13. Ne5 Qb6 14. Ng4 Qd8 15. Nxf6+ Bxf6 16. Bxf6 Qxf6 17. 0-0 Bd7 18. b4 Nc4 19. Ne4 dxe4 20. Bxc4 b5 21. Bb3 Qe7 22. Rc5 Rab8 23. a5 Qd6 24. Qd2 Bc6 25. Rfc1 Bb7 26. h3 Rbc8 27. R1c2 Rxc5 28. dxc5 Qc7 29. Qd6 Qc6 30. Rd2 Rc8 31. Qe7 Re8 32. Qd6 Rc8 33. Bc2 Qxd6 34. Rxd6 Bc6 35. Rd4 f5 36. Bb3 Kf7 37. Rd6 Bd5 38. Bxd5 exd5 39. Rxa6 f4 40. Rd6 fxe3 41. fxe3 Rc7 42. Rxd5 Ke6 43. Rd6+ Ke5 44. Kf2 Rf7+ 45. Ke2 Rb7 46. Rb6 Rc7 47. Rxb5 Kd5 48. c6+ Kxc6 49. Rc5+ 1-0

[Event "Bykova Memorial op (Women)"]
[Site "Vladimir"]
[Date "2008.12.18"]
[Round "8"]
[White "Shulakova, Svetlana"]
[Black "Schepetkova, Margarita"]
[Result "1/2-1/2"]
[WhiteElo "2151"]
[BlackElo "2190"]
[PlyCount "59"]
[EventDate "2008.12.10"]
[EventType "swiss"]
[EventRounds "9"]
[EventCountry "RUS"]
[SourceTitle "EXT 2010"]
[Source "ChessBase"]
[SourceDate "2010.11.25"]
[SourceVersion "1"]
[SourceVersionDate "2010.11.25"]
[SourceQuality "1"]

1. d4 Nf6 2. c4 g6 3. Nc3 Bg7 4. e4 d6 5. Be2 0-0 6. Bg5 Na6 7. h4 e5 8. d5 h6 9. Be3 Nc5 10. Bf3 c6 11. b4 cxd5 12. cxd5 Na6 13. a3 Bd7 14. Rc1 Nc7 15. g4 a5 16. g5 hxg5 17. Bxg5 axb4 18. axb4 Na6 19. h5 Qb6 20. Qd2 Qd4 21. Nge2 Qxd2+ 22. Kxd2 Nxb4 23. Rb1 Na6 24. Rxb7 Nc5 25. Rb6 Rfb8 26. Rhb1 Rxb6 27. Rxb6 Ne8 28. hxg6 fxg6 29. Be3 Rc8 30. Nc1 1/2-1/2